000 00516nam a2200181Ia 4500
999 _c1697
_d1697
003 OSt
005 20200924111758.0
008 190216s9999||||xx |||||||||||||| ||und||
020 _a8126107170
040 _coclc
082 _a579.8
_bSUN/I
100 _a Sundararajan, Surendra
_91039
245 0 _aIntroduction To Algae /
_cSurendra Sundararajan
260 _bAnmol Publications,
_aNew Delhi:
_c2001.
300 _a279p
650 _aBotany
942 _cBK
_2ddc
_h579.8
_iSUN/I
_k579.8
_mSUN/I